LEADER 00992nam a2200253 i 4500 001 991000653809707536 005 20020509173541.0 008 010704s1961 us ||| | eng 035 $ab11390384-39ule_inst 035 $aPARLA212745$9ExL 040 $aDip.to Filosofia$bita 082 0 $a330.1 100 1 $aSchumpeter, Joseph Alois$050457 245 14$aThe theory of economic development :$ban inquiry into profits, capital, credit, interest, and the business cycle /$cJoseph Schumpeter ; translated by Redvers Opie 260 $aNew York :$bOxford university press,$c1961 300 $a255 p. ;$c21 cm. 650 4$aSviluppo economico 700 1 $aOpie, Redvers 907 $a.b11390384$b21-09-06$c01-07-02 912 $a991000653809707536 945 $aLE005IF XVI A 19$g1$i2005000281068$lle005$o-$pE0.00$q-$rl$s- $t0$u1$v0$w1$x0$y.i11575608$z01-07-02 996 $aTheory of economic development$9817327 997 $aUNISALENTO 998 $ale005$b01-01-01$cm$da $e-$feng$gus $h4$i1